De la certesa / Ludwig Wittgenstein ; traducció i edició a cura de Josep Lluís Prades i Vicent Raga ; pròleg d'Oswald Hanfling
Descripción Física:
260 p. ; 20 cm
Colección:
Clàssics del pensament modern ; 8
Materias:
Coneixement, Teoria del
MARC
| LEADER | 00000nam a2200000Ia 4500 | ||
|---|---|---|---|
| 001 | 1229 | ||
| 008 | 160829s1983 xx 000 0 cat d | ||
| 080 | |a F-1-49 | ||
| 100 | |a Wittgenstein, Ludwig |9 28967 | ||
| 245 | |a De la certesa / Ludwig Wittgenstein ; traducció i edició a cura de Josep Lluís Prades i Vicent Raga ; pròleg d'Oswald Hanfling | ||
| 260 | |a Barcelona : |b Edicions 62 : |b Diputació de Barcelona, |c 1983 | ||
| 300 | |a 260 p. ; |c 20 cm | ||
| 490 | |a Clàssics del pensament modern ; 8 | ||
| 650 | |a Coneixement, Teoria del |9 26701 | ||
| 700 | |a Prades, Josep Lluís, tr. i ed. |9 28968 | ||
| 700 | |a Raga, Vicent, tr. i ed. |9 28969 | ||
| 700 | 1 | |a Hanfling, Oswald |9 28970 | |
| 710 | 1 | |a Barcelona (Catalunya : Província). |b Diputació |9 52408 | |
| 901 | |a Arxiu | ||
| 942 | |n 1 | ||
| 952 | |0 0 |1 0 |4 0 |6 F149 |7 1 |9 44991 |a Arxiu |b Arxiu |d 2016-12-01 |l 0 |o F-1-49 |p 1229 |r 2016-12-01 00:00:00 |w 2016-12-01 |y ARXIU | ||
| 999 | |c 47595 |d 47595 | ||